000
00339 a2200157 4500
001
188737
020
_a
0-333-79891-0
040
_c
Magnum
100
_a
Escott, John
240
1
0
_a
The man in the iron mask
_l
ING
245
1
0
_a
The man in the iron mask
300
_a
63
362
0
_a
2000
697
_a
LITERATURA INGLESA
942
_c
BK
999
_c
188737
_d
188737